Normal view
MARC view
- Dunn, Richard J.,
Entry Personal Name
001 - CONTROL NUMBER
- control field: 11809
003 - CONTROL NUMBER IDENTIFIER
- control field: NUST
005 - DATE AND TIME OF LATEST TRANSACTION
- control field: 20180718071306.0
008 - FIXED-LENGTH DATA ELEMENTS
- fixed length control field: 180718|| aca||aabn | a|a d
040 ## - CATALOGING SOURCE
- Original cataloging agency: NUST
- Transcribing agency: NUST
100 ## - HEADING--PERSONAL NAME
- Personal name: Dunn, Richard J.,
- Dates associated with a name: 1938-
670 ## - SOURCE DATA FOUND
- Source citation: Work cat.: (NUST)173271: Brontë, Charlotte, 1816-1855. 11804, Jane Eyre :, 2000.
